000 00885nam a2200229 i 4500
001 bg
245 0 0 _aProcedury badań do projektowania składu i kontroli mieszanek mineralno - asfaltowych /
_c[Janusz Zawadzki et al.] ; Instytut Badawczy Dróg i Mostów. Zakład Technologii Nawierzchni.
260 _aWarszawa :
_bIBDiM,
_c2002.
300 _a102 s. :
_bil. ;
_c24 cm.
490 1 _aInformacje, Instrukcje,
_x1231-0638 ;
_vz. 64
650 9 _aDrogi
_xbudownictwo
_xinstrukcje
650 9 _aDrogi
_xmateriały
_xinstrukcje
650 9 _aDrogi
_xmateriały
_xbadanie
_xinstrukcje
700 1 _aZAWADZKI, Janusz
710 0 _aInstytut Badawczy Dróg i Mostów
_bZakład Technologii Nawierzchni
830 _aInformacje, Instrukcje,
_x1231-0638 ;
040 _cBPK
041 0 _apol
080 _a625.7/.8:691:620.1](083.1)
942 _cKA
008 s pl f |000 0 pol
999 _c35061
_d35061
856 _uhttp://koha.tu.koszalin.pl/cgi-bin/koha/opac-detail.pl?biblionumber=35061
_yKatalog online BPK